000 00701nam a2200289Ia 4500
005 20260324150647.0
008 008 260324s9999 xx 000 0 eng d
020 _a9781003585008
037 _aEBOOK
040 _aCRL
040 _beng
040 _cCRL
041 _2eng
041 _aeng
084 _qCRL
100 _aJan Ehrenwald
_91227171
245 0 _aNew Dimensions of Deep Analysis
245 2 _bA Study of Telepathy in Interpersonal Relationships
260 _bTaylor and Francis
260 _c1954
365 _a
365 _b165
856 _uhttp://www.taylorfrancis.com/books/9781003585008
942 _cEBOOK
999 _c1837026
_d1837026